Comparative literature--East & West Bi jiao wen xue--dong fang yu xi fang.

Bibliographic Details
Previous Title:Comparative Literature: East & West: Series 1
Corporate Authors: Taylor & Francis, Sichuan da xue. Bi jiao wen xue yan jiu suo
Format: Electronic Journal
Language:English
Published: Abingdon, Oxfordshire, United Kingdom : Routledge, Taylor & Francis, 2017-
Subjects:
Online Access:Full text available from Research Library: 08/01/2017 to present

MARC

LEADER 00000nas a2200000 i 4500
001 ssj0001999616
003 WaSeSS
005 20200512172242.0
006 m d
007 cr n
008 100720c20179999enkfx p s 0 a0eng
010 |a  2017200193 
022 |a 2572-3618 
035 |a (WaSeSS)ssj0001999616 
037 |b Taylor & Francis Asia Pacific, Level 5, 28 Hennessy Rd., Admiralty, Hong Kong 
040 |a OCLCE  |b eng  |e pn  |c OCLCE  |d OCLCQ  |d OCLCF  |d OCLCO  |d OCLCQ  |d DLC  |d OCLCQ  |d DLC  |d WaSeSS 
042 |a dlr  |a pcc  |a nsdp 
050 0 0 |a PN851 
082 0 0 |a 809  |2 23 
222 0 |a Comparative literature--East & West 
245 0 0 |a Comparative literature--East & West  |h [electronic resource] =  |b Bi jiao wen xue--dong fang yu xi fang. 
246 1 1 |a Bi jiao wen xue--dong fang yu xi fang 
246 1 |a Comparative literature: East and West 
260 |a Abingdon, Oxfordshire, United Kingdom :  |b Routledge, Taylor & Francis,  |c 2017- 
310 |a Twice a year 
362 1 |a Began in 2017. 
500 |a Print edition published by: Comparative Literature Research Institute, Sichuan University, located in Chengdu. 
506 |a License restrictions may limit access. 
538 |a Master and use copy. Digital master created according to Benchmark for Faithful Digital Reproductions of Monographs and Serials, Version 1. Digital Library Federation, December 2002.  |u http://purl.oclc.org/DLF/benchrepro0212  |5 MiAaHDL 
583 1 |a digitized  |c 2010  |h HathiTrust Digital Library  |l committed to preserve  |2 pda  |5 MiAaHDL 
588 |a Description based on: Volume 1, issue 1 (2017); title from table of contents page (tandfonline.com website, viewed Nov. 7, 2017). 
588 |a Latest issue consulted: Volume 3, issue 2 (2019) (Taylor & Francis website, viewed Apr. 22, 2020). 
650 0 |a Comparative literature  |x Oriental and Western  |v Periodicals. 
650 0 |a Comparative literature  |x Western and Oriental  |v Periodicals. 
650 7 |a Comparative literature  |x Oriental and Western.  |2 fast  |0 (OCoLC)fst01734589 
650 7 |a Comparative literature  |x Western and Oriental.  |2 fast  |0 (OCoLC)fst01734593 
655 0 |a Electronic journals. 
710 2 |a Taylor & Francis. 
710 2 |a Sichuan da xue.  |b Bi jiao wen xue yan jiu suo. 
776 0 8 |t Comparative literature--east & west  |w (DLC) 2001235638  |w (OCoLC)46358253 
780 0 0 |t Comparative Literature: East & West: Series 1 
850 |a DLC 
856 4 0 |z Full text available from Research Library: 08/01/2017 to present  |u https://search.proquest.com/publication/3933217